000 01053nac a22002771i 4500
003 EG-ScBUE
005 20250624084101.0
008 250618t1990 nyua f b 001 0 eng d
020 _a0891168524
040 _aEG-ScBUE
_beng
_erda
_cEG-ScBUE
_dEG-ScBUE
082 0 4 _a537.62320
_bMIR
_222
100 1 _aMiropolʹskiĭ, Z. L.,
_eauthor.
245 1 0 _aFluid dynamics and heat transfer in superconducting equipment /
_cZ. L. Miropolsky, R. I. Soziev, Moscow Power Institute.
264 1 _aNew York :
_bHemisphere Publishing Corporation/Taylor and Francis Group,
_c[1990]
264 4 _cc1990
300 _axiv, 315 pages :
_billustrations ;
_c24 cm
336 _2rdacontent
_atext
_btxt
337 _aunmediated
_2rdamedia
_bn
338 _avolume
_bnc
_2rdacarrier
500 _aTranslation of: Gidrodinamika i teploobmen v sverkhprovodnykovykh ustroĭstvakh.
504 _aIncludes bibliographical references and index.
650 7 _aPower semiconductors.
_2BUEsh
655 _vReading book
700 1 _aSoziev, R. I.,
_eauthor.
942 _cBB
_2ddc
999 _c8514
_d8514